Теоретические основы трубопроводного транспорта нефти, нефтепродуктов и газа: [учебник]

書誌詳細
第一著者: Лурье М. В. Михаил Владимирович
要約:Настоящая книга представляет собой учебник для магистрантов, аспирантов нефтегазовых университетов, а также для работников, специализирующихся в области трубопроводного транспорта нефти, нефтепродуктов и газа. Изложены основные положения теории процессов транспортирования жидкостей и газов по трубопроводам, являющейся основой для решения конкретных задач нефтегазовой практики. Показано, как основные законы механики и термодинамики, определяющие течение жидкостей и газов в трубах, трансформируются в математические уравнения, составляющие сущность той или иной математической модели, как в рамках конкретной модели ставятся и решаются задачи трубопроводного транспорта. Там, где это возможно, даны аналитические методы решения задач, рассчитанные на использование калькулятора, а там, где это затруднено или практически невозможно сделать, подробно изложены вычислительные методы, ориентированные на использование компьютеров. Для студентов, аспирантов и преподавателей вузов нефтегазового профиля, а также научных и инженерно-технических работников нефтегазовой отрасли.
言語:ロシア語
出版事項: Москва, Недра, 2017
主題:
フォーマット: 図書
KOHA link:https://koha.lib.tpu.ru/cgi-bin/koha/opac-detail.pl?biblionumber=343155

MARC

LEADER 00000nam0a2200000 4500
001 343155
005 20240219135851.0
010 |a 9785836504809 
035 |a (RuTPU)RU\TPU\book\372962 
090 |a 343155 
100 |a 20190628d2017 m y0rusy50 ca 
101 0 |a rus 
102 |a RU 
105 |a a j 001zy 
200 1 |a Теоретические основы трубопроводного транспорта нефти, нефтепродуктов и газа  |e [учебник]  |f М. В. Лурье 
210 |a Москва  |c Недра  |d 2017 
215 |a 478 с.  |c ил. 
320 |a Библиогр.: с. 474-475 
330 |a Настоящая книга представляет собой учебник для магистрантов, аспирантов нефтегазовых университетов, а также для работников, специализирующихся в области трубопроводного транспорта нефти, нефтепродуктов и газа. Изложены основные положения теории процессов транспортирования жидкостей и газов по трубопроводам, являющейся основой для решения конкретных задач нефтегазовой практики. Показано, как основные законы механики и термодинамики, определяющие течение жидкостей и газов в трубах, трансформируются в математические уравнения, составляющие сущность той или иной математической модели, как в рамках конкретной модели ставятся и решаются задачи трубопроводного транспорта. Там, где это возможно, даны аналитические методы решения задач, рассчитанные на использование калькулятора, а там, где это затруднено или практически невозможно сделать, подробно изложены вычислительные методы, ориентированные на использование компьютеров. Для студентов, аспирантов и преподавателей вузов нефтегазового профиля, а также научных и инженерно-технических работников нефтегазовой отрасли. 
606 1 |a Трубопроводный транспорт нефти и газа  |x Горное дело  |2 stltpush  |3 (RuTPU)RU\TPU\subj\61734  |9 78897 
610 1 |a трубопроводы 
610 1 |a жидкость 
610 1 |a газ 
610 1 |a течение в трубах 
610 1 |a транспортируемые среды 
610 1 |a модели 
610 1 |a ламинарные течения 
610 1 |a турбулентные течения 
610 1 |a нефтепроводы 
610 1 |a установившиеся режимы 
610 1 |a расчет 
610 1 |a газопроводы 
610 1 |a неустановившиеся течения 
610 1 |a сжимаемые газы 
610 1 |a слабосжимаемые жидкости 
610 1 |a нефтепродукты 
610 1 |a учебники 
675 |a 622.69(075.8)  |v 4 
700 1 |a Лурье  |b М. В.  |g Михаил Владимирович 
801 1 |a RU  |b 63413507  |c 20190628 
801 2 |a RU  |b 63413507  |c 20190910  |g RCR 
942 |c BK